NFL Teams by Emoji - Statistics

General Stats
  • This quiz has been taken 10,631 times
  • The average score is 16 of 32
Answer Stats
Hint NFL Team % Correct
๐Ÿฆ… Philadelphia Eagles
81%
๐Ÿป Chicago Bears
76%
 ๐Ÿค      ๐ŸŽโฌ…๏ธ Denver Broncos
76%
๐Ÿฌ Miami Dolphins
76%
โšก Los Angeles Chargers
70%
๐Ÿฆ Detroit Lions
69%
โœˆ๏ธ New York Jets
69%
๐Ÿดโ€โ˜ ๏ธ Tampa Bay Buccaneers
68%
๐Ÿฆ๐ŸŸฅ Arizona Cardinals
65%
๐Ÿ Los Angeles Rams
64%
๐Ÿ… Cincinnati Bengals
61%
๐ŸŒŠ๐Ÿฆ… Seattle Seahawks
61%
๐ŸŸซ Cleveland Browns
60%
๐Ÿค โฌ…๏ธ ๐ŸŽ      Dallas Cowboys
58%
๐Ÿ† Jacksonville Jaguars
57%
๐Ÿ†โฌ› Carolina Panthers
55%
โ˜ ๏ธ Las Vegas Raiders
54%
๐Ÿฆ… Atlanta Falcons
53%
๐Ÿฆโฌ› Baltimore Ravens
50%
๐Ÿด Indianapolis Colts
48%
๐Ÿ‘จ๐Ÿ‡บ๐Ÿ‡ธ๐Ÿ—ฝ New England Patriots
45%
๐Ÿ‘จโ›๏ธ๐Ÿฅ‡ San Francisco 49ers
45%
๐Ÿ‘จ New York Giants
43%
๐Ÿค  Houston Texans
35%
  ๐Ÿ‘ฎ โฌ…๏ธ ๐Ÿ‘ฎ๐Ÿ‘ฎ๐Ÿ‘ฎ๐Ÿ‘ฎ๐Ÿ‘ฎ Kansas City Chiefs
34%
๐Ÿ˜‡ New Orleans Saints
32%
๐Ÿ‘จโ†˜๏ธ๐Ÿฅฉ Green Bay Packers
26%
๐Ÿช“๐Ÿ‘จโ›ต Minnesota Vikings
25%
๐Ÿง‘โ€๐Ÿญ Pittsburgh Steelers
25%
๐Ÿช๐Ÿ‘ด Tennessee Titans
23%
๐ŸŸฅ Washington Redskins
22%
๐Ÿงขโฌ…๏ธ Buffalo Bills
16%
No matching quizzes found
Score Distribution
Percent of People with Each Score
Percentile by Number Answered
Your Score History
You have not taken this quiz